000 00979nam a2200301Ia 4500
001 Z_6088
003 CHAP
008 220113sc200 xx 000 0 und d
010 _a169319
020 _a968-426-892-0
040 _cCHAP
082 _a615.902 D36
245 _aDaños a la salud por plaguicidas /
_ccoordinadores Octavio Rivero Serrano ... [et al.].
260 _aMéxico :
_bUNAM, Facultad de Medicina :,
_bEl Manual Moderno,
_cc200
300 _axi, 488 p.
503 _aej.1: Ej.1: Donado por la Profa. Maldonado Simán, Ema
504 _aBibliografía: p. 487-488, Incluye índice
650 _aPlaguicidas
_xAspectos ambientales
_9143911
650 _aToxicología de plaguicidas
_9143912
700 _aI. Rivero Serrano, Octavio, coord.
_9143913
710 _aII. Universidad Nacional Autónoma de México, Facultad de Medicina
_9143914
901 _a615.902 D36
902 _aM
910 _ac200
942 _c1
942 _cc1
999 _c169319
_d169319